NLSUI OPAC header image

The grammar of society : (Record no. 112088)

MARC details
000 -LEADER
fixed length control field 00808cam a22001934a 4500
001 - CONTROL NUMBER
control field 13887173
005 - DATE AND TIME OF LATEST TRANSACTION
control field 20260210060640.0
008 - FIXED-LENGTH DATA ELEMENTS--GENERAL INFORMATION
fixed length control field 050302s2006 nyua b 001 0 eng
020 ## - INTERNATIONAL STANDARD BOOK NUMBER
International Standard Book Number 9780521574907
Qualifying information (pbk.)
082 ## - DEWEY DECIMAL CLASSIFICATION NUMBER
Classification number 306 BIC
100 1# - MAIN ENTRY--PERSONAL NAME
Personal name Bicchieri, Cristina
245 14 - TITLE STATEMENT
Title The grammar of society :
Remainder of title the nature and dynamics of social norms /
Statement of responsibility, etc. Cristina Bicchieri.
260 ## - PUBLICATION, DISTRIBUTION, ETC.
Place of publication, distribution, etc. New York :
Name of publisher, distributor, etc. Cambridge University Press,
Date of publication, distribution, etc. 2006.
300 ## - PHYSICAL DESCRIPTION
Extent xvi, 260 p. :
Other physical details ill. ;
Dimensions 24 cm.
505 0# - FORMATTED CONTENTS NOTE
Formatted contents note The rules we live by -- Habits of the mind -- A taste for fairness -- Covenants without sword -- Informational cascades and unpopular norms -- The evolution of a fairness norm.
650 #0 - SUBJECT ADDED ENTRY--TOPICAL TERM
Topical term or geographic name entry element Social norms.
856 41 - ELECTRONIC LOCATION AND ACCESS
Materials specified Table of contents
Uniform Resource Identifier <a href="http://www.loc.gov/catdir/toc/ecip059/2005006200.html">http://www.loc.gov/catdir/toc/ecip059/2005006200.html</a>
942 ## - ADDED ENTRY ELEMENTS (KOHA)
Source of classification or shelving scheme Dewey Decimal Classification
Koha item type BOOKs
Holdings
Withdrawn status Lost status Damaged status Not for loan Collection code Home library Current library Shelving location Date acquired Cost, normal purchase price Total Checkouts Full call number Barcode Date last seen Date last checked out Price effective from Koha item type
          . . General Stacks 05.11.2018 2154.00 1 306 BIC 35589 02.06.2022 31.05.2022 05.11.2018 BOOKs